Statistics for Every Incorporated Municipality in South Carolina

Click here to take the quiz!

General Stats

  • This quiz has been taken 8 times
  • The average score is 58 of 270

Answer Stats

PopulationCountyAnswer% Correct
37,056FlorenceFlorence
100%
58,409GreenvilleGreenville
100%
23,222GreenwoodGreenwood
100%
17,870LexingtonLexington
100%
754OrangeburgNorth
100%
97,471Berkeley/Charleston/DorchesterNorth Charleston
100%
37,013SpartanburgSpartanburg
100%
40,524SumterSumter
100%
26,686AndersonAnderson
88%
3,607BambergBamberg
88%
12,361BeaufortBeaufort
88%
120,083Berkeley/CharlestonCharleston
88%
129,272Lexington/RichlandColumbia
88%
2,808HamptonHampton
88%
9,139LaurensLaurens
88%
67,843CharlestonMount Pleasant
88%
27,109HorryMyrtle Beach
88%
10,277NewberryNewberry
88%
13,752HorryNorth Myrtle Beach
88%
13,964OrangeburgOrangeburg
88%
3,126PickensPickens
88%
66,154YorkRock Hill
88%
8,393UnionUnion
88%
5,237AbbevilleAbbeville
75%
29,524AikenAiken
75%
4,750BarnwallBarnwell
75%
5,607ChesterChester
75%
13,905Anderson/PickensClemson
75%
6,289DarlingtonDarlington
75%
6,788DillonDillon
75%
35,938Berkeley/CharlestonGoose Creek
75%
37,099BeaufortHilton Head Island
75%
11,097Lexington/RichlandIrmo
75%
1,803LancasterKershaw
75%
8,526LancasterLancaster
75%
3,565SaludaSaluda
75%
14,988LexingtonWest Columbia
75%
177ColletonWilliams
75%
12,528Lexington/RichlandCayce
63%
1,472ChesterfieldChesterfield
63%
4,750EdgefieldEdgefield
63%
9,163GeorgetownGeorgetown
63%
21,348Aiken/EdgefieldNorth Augusta
63%
2,084DorchesterSt. George
63%
43,392Berkeley/Charleston/DorchesterSummerville
63%
7,736YorkYork
63%
3,482AllendaleAllendale
50%
17,103HorryConway
50%
6,939MarionMarion
50%
22,889GreenvilleMauldin
50%
2,783McCormickMcCormick
50%
4,263OconeeWalhalla
50%
9,069MarlboroBennettsville
38%
12,530BeaufortBluffton
38%
6,838KershawCamden
38%
8,490LaurensClinton
38%
2,617CharlestonFolly Beach
38%
10,361RichlandForest Acres
38%
12,414CherokeeGaffney
38%
25,515Greenville/SpartanburgGreer
38%
17,997BerkeleyHanahan
38%
7,764DarlingtonHartsville
38%
1,700AikenJackson
38%
-CharlestonJames Island
38%
674LexingtonPelion
38%
18,238GreenvilleSimpsonville
38%
560HorryAynor
25%
5,362Lexington/SaludaBatesburg-Leesville
25%
3,471LeeBishopville
25%
1,445LexingtonChapin
25%
5,851ChesterfieldCheraw
25%
868Cherokee/SpartanburgChesnee
25%
1,247AbbevilleDue West
25%
19,993Anderson/PickensEasley
25%
813RichlandEastover
25%
1,311KershawElgin
25%
10,811YorkFort Mill
25%
2,321SpartanburgInman
25%
1,626CharlestonKiawah Island
25%
2,376SpartanburgLandrum
25%
1,379DillonLatta
25%
103GeorgetownPawleys Island
25%
10,678BeaufortPort Royal
25%
2,636LexingtonSpringdale
25%
2,021CalhounSt. Matthews
25%
1,441NewberryWhitmire
25%
3,550FairfieldWinnsboro
25%
2,861Georgetown/WilliamsburgAndrews
13%
861RichlandArcadia Lakes
13%
4,134AndersonBelton
13%
2,406BarnwellBlackville
13%
2,034Fairfield/RichlandBlythewood
13%
487BerkeleyBonneau
13%
424CalhounCameron
13%
502SpartanburgCampobello
13%
5,094YorkClover
13%
752FlorenceCoward
13%
2,162SpartanburgCowpens
13%
3,538BambergDenmark
13%
414ColletonEdisto Beach
13%
2,025AllendaleFairfax
13%
895ChesterFort Lawn
13%
7,799Greenville/LaurensFountain Inn
13%
565LexingtonGilbert
13%
790LancasterHeath Springs
13%
3,597Abbeville/AndersonHonea Path
13%
4,133CharlestonIsle of Palms
13%
1,218AndesonIva
13%
46FairfieldJenkinsville
13%
1,480FlorenceJohnsonville
13%
3,328WilliamsburgKingstree
13%
6,675FlorenceLake City
13%
3,269PickensLiberty
13%
291NewberryLittle Mountain
13%
4,108ClarendonManning
13%
867ChesterfieldMcBee
13%
236Aiken/SaludaMonetta
13%
2,052AikenNEw Ellenton
13%
1,998GreenvwoodNinety Six
13%
337OrangeburgNorway
13%
563FlorenceOlanta
13%
1,226CharlestonPamplico
13%
351ChesterfieldPatrick
13%
64NewberryPeak
13%
89AndersonPelzer
13%
3,964AndersonPendleton
13%
2,064LexingtonPine Ridge
13%
179NewberryPomaria
13%
1,180NewberryProsperity
13%
737SaludaRidge Spring
13%
961OrangeburgSantee
13%
932FlorenceScranton
13%
675PickensSix Mile
13%
1,791CharlestonSullivan's Island
13%
402LexingtonSummit
13%
3,837HoryySurfside Beach
13%
827LexingtonSwansea
13%
7,620YorkTega Cay
13%
4,576GreenvilleTravelers Rest
13%
93GreenwoodTroy
13%
2,170Abbeville/Greenwood/LaurensWare Shoals
13%
880AndersonWest Pelzer
13%
3,934AndersonWilliamston
13%
1,027Beaufort/HamptonYemassee
13%
334HorryAtlantic Beach
0%
1,294CharlestonAwendaw
0%
334KershawBethune
0%
1,848CheokeeBlacksburg
0%
154MarlboroBlenheim
0%
968OrangeburgBowman
0%
1,024OrangeburgBranchville
0%
457HorryBriarcliffe Acres
0%
554HamptonBrunson
0%
2,673AikenBurnettown
0%
2,004AbbevilleCalhoun Falls
0%
436UnionCarlisle
0%
5,159PickensCentral
0%
216SpartanburgCentral Pacolet
0%
726MarlboroClio
0%
77OrangeburgCope
0%
169OrangeburgCordova
0%
762ColletonCottageville
0%
507LaurensCross Hill
0%
348AbbevilleDonalds
0%
3,181SpartanburgDuncan
0%
545BambergEhrhardt
0%
193BarnwellElko
0%
692OrangebuegElloree
0%
2,040HamptonEstill
0%
315OrangeburgEutawville
0%
239HamptonFurman
0%
1,645LexingtonGaston
0%
288HamptonGifford
0%
65BambergGovan
0%
795LaurensGray Court
0%
1,979ChesterGreat Falls
0%
438WilliamsburgGreeleyville
0%
2,952JasperHardeeville
0%
677DorchesterHarleyville
0%
459WillaiamsburgHemingway
0%
440YorkHickory Grove
0%
447BarnwellHilda
0%
155GreenwoodHodges
0%
1,277OrangeburgHolly Hill
0%
4,714CharlestonHollywood
0%
72BerkeleyJamestown
0%
753ChesterfieldJefferson
0%
2,362EdgefieldJohnston
0%
911UnionJonesville
0%
197BarnwellKline
0%
807DillonLake View
0%
989DarlingtonLamar
0%
508WilliamsburgLane
0%
1,139Charleston/DorchesterLincolnville
0%
136OrangeburgLivingston
0%
488UnionLockhart
0%
120ColletonLodge
0%
2,396HorryLoris
0%
128AbeevilleLowndesville
0%
200ChesterLowrys
0%
127HamptonLuray
0%
3,243SpartanburgLyman
0%
373LeeLynchburg
0%
731SumterMayesville
0%
499CharlestonMcClellanville
0%
2,174MarlboroMcColl
0%
255YorkMcConnells
0%
1,226FlorenceMeggett
0%
7,885BerkeleyMoncks Corner
0%
195ChesterfieldMount Croghan
0%
4,663MarionMulins
0%
374OrangeburgNeeses
0%
368MarionNichols
0%
813PickensNorris
0%
257BambergOlar
0%
2,235SpartanburgPacolet
0%
2,760ChesterfieldPageland
0%
117McCormickParksville
0%
185OrangeburgPaxville
0%
233AikenPerry
0%
538SumterPinewood
0%
82McCormickPlum Branch
0%
932FlorenceQuinby
0%
2,465CharlestonRavenel
0%
196DorchesterReevesville
0%
601SpartanburgReidville
0%
275ChesterRichburg
0%
4,036JasperRidgeland
0%
1,979DorchesterRidgeville
0%
319FairfieldRidgeway
0%
134CharlestonRockville
0%
304OrangeburgRowesville
0%
360ChesterfieldRuby
0%
135OconessSalem
0%
398AikenSalley
0%
215HamptonScotia
0%
1,714CharlestonSeabrook Island
0%
219MaironSellers
0%
8,102OconeeSenece
0%
494YorkSharon
0%
162NewberrySilverstret
0%
126ColletonSmoaks
0%
45Cherokee/YorkSmyrna
0%
274BarnwellSnelling
0%
563DarlingtonSociety Hill
0%
2,306LexingtonSouth Congaree
0%
524OrangeburgSpringfield
0%
173AndersonStarr
0%
1,697BerkeleySt. Stephen
0%
245WilliamsburgStuckey
0%
1,000ClarendonSummerton
0%
180AllendaleSycamore
0%
75MarlboroTatum
0%
2,320FlorenceTimmonsville
0%
196EdgefieldTrenton
0%
766ClarendonTurbeville
0%
88AllendaleUlmer
0%
170OrangeburgVance
0%
2,162HamptonVarnville
0%
797AikenWagener
0%
5,398ColletonWalterboro
0%
91SaludaWard
0%
166LaurensWaterloo
0%
2,378SpartanburgWellford
0%
2,418OconeeWestminster
0%
291OconeeWest Union
0%
3,139BarnwellWilliston
0%
121AikenWindsor
0%
185ClarendonWoodford
0%
4,090SpartanburgWoodruff
0%

Score Distribution

Percentile by Number Answered

Percent of People with Each Score

Your Score History

You have not taken this quiz